Movies Quiz

Random Movies or Actress Quiz

Movie Title Actors (A-Z) IV Quiz Stats

 Plays Quiz Updated Mar 27, 2020

Support Sporcle.
Go Orange.
Score 0/25 Timer 05:00
1 Play Today
Movie Actor % Correct
How the ·Grinch· Stole Christmas (2000)Jim Carrey
86.9%
Captain ·Phillips·Tom Hanks
84.4%
·Zoolander·Ben Stiller
81.9%
·Batman· BeginsChristian Bale
78.9%
·Lincoln·Daniel Day-Lewis
74.9%
·Aquaman·Jason Momoa
71.3%
The Talented Mr. ·Ripley·Matt Damon
70%
·Sophie's· ChoiceMeryl Streep
64.2%
Coach ·Carter·Samuel L. Jackson
59.1%
Fantastic Mr. ·Fox·George Clooney
58.8%
·Mary· Poppins ReturnsEmily Blunt
58.5%
I, ·Tonya·Margot Robbie
55.9%
Romeo + ·Juliet· (1996)Claire Danes
55%
Movie Actor % Correct
The Karate ·Kid· (1984)Ralph Macchio
52.8%
Victor/·Victoria·Julie Andrews
50.2%
·Young· FrankensteinGene Wilder
50%
Driving Miss ·Daisy·Jessica Tandy
44.2%
The ·Illusionist· (2006)Edward Norton
43%
The Chronicles of Narnia: The Lion, The ·Witch· and the WardrobeTilda Swinton
37%
·Nick· and Norah's Infinite PlaylistMichael Cera
35.5%
The ·Other· Boleyn GirlScarlett Johansson
34.7%
The Mighty ·Quinn·Denzel Washington
28.5%
·Hannah· and Her SistersMia Farrow
25.4%
·Ernest· Goes to JailJim Varney
21.8%
·Ulysses· (1954)Kirk Douglas
10.6%

From the Vault

Click a Movie, Initially - Best Supp. Actress Winners

by B_Awesome_87

Movies 5m
And after that initial click, you'll click on a few others.
Remove Ads.
Support Sporcle.
Get the best of Sporcle when you Go Orange. This ad-free experience offers more features, more stats, and more fun while also helping to support Sporcle. Thank you for becoming a member.

Show Comments

Extras

Top Quizzes Today


Score Distribution

Your Account Isn't Verified!

In order to create a playlist on Sporcle, you need to verify the email address you used during registration. Go to your Sporcle Settings to finish the process.

Report this User

Report this user for behavior that violates our Community Guidelines.

Details: